000 00221nam a22000857a 4500
008 161228b xxu||||| |||| 00| 0 eng d
100 _92224
_aChaturvedi.R
245 _aWork Book Social Science-8
260 _aNew delhi
_bAPC
_c2009
999 _c5113
_d5113